Sid Vicious' career opponents - Statistics

General Stats
  • This quiz has been taken 152 times
    134 since last reset
  • The average score is 54 of 101
Answer Stats
Answer % Correct
Bret "Hit Man" Hart
100%
Kevin Nash
100%
Owen Hart
100%
Ric Flair
100%
Scott Hall
100%
The Undertaker
100%
Lex Luger
97%
Sting
97%
"Stone Cold" Steve Austin
97%
Brian Pillman
94%
"Macho Man" Randy Savage
94%
"Million Dollar Man" Ted Dibiase
94%
Vader
94%
Davey Boy Smith
91%
Hulk Hogan
91%
Jeff Jarrett
91%
Rick Steiner
91%
Scott Steiner
91%
Chris Benoit
89%
Crush
89%
Shawn Michaels
89%
Virgil
89%
Bam Bam Bigelow
86%
Goldberg
86%
Mankind
86%
The Ultimate Warrior
86%
Booker T
83%
Skull Von Crush
83%
Jake "The Snake" Roberts
80%
Animal
71%
Goldust
71%
Jerry "The King" Lawler
71%
Marc Mero
71%
Rocky Johnson
71%
Savio Vega
71%
Shane Douglas
71%
Tito Santana
71%
Tom Zenk
71%
Bobby Eaton
69%
"Dr. Death" Steve Williams
69%
"Hacksaw" Jim Duggan
69%
Triple H
69%
Marty Jannetty
66%
Doug Gilbert
63%
Heath Slater
63%
Henry O. Godwinn
63%
Stevie Ray
63%
Tatanka
63%
Tommy Rich
60%
Hercules
57%
Justin Credible
57%
King Kong Bundy
57%
Mike Rotunda
57%
Ricky Morton
57%
Van Hammer
57%
Faarooq
54%
Junkyard Dog
54%
Mabel
54%
Perry Saturn
54%
The Mountie
54%
The Warlord
54%
Bob Holly
51%
The Wall
49%
The Brooklyn Brawler
40%
Don Harris
37%
Justin "Hawk" Bradshaw
37%
X-Pac
34%
Adam Bomb
29%
2 Cold Scorpio
26%
Brian Lee
26%
El Gigante
26%
Rex King
26%
Antonio Inoki
23%
Col. Mustafa
23%
Tom Prichard
23%
Bill Dundee
20%
Tank Abbott
20%
Brian Christopher
17%
Kato
17%
Big Bully Busick
14%
La Parka
14%
Tom Brandi
14%
John Kronus
11%
Johnny Ace
11%
Riki Choshu
11%
Tatsumi Fujinami
11%
Mike Sanders
9%
Scott Putski
9%
The Sultan
9%
Awesome Kong
6%
Kengo Kimura
6%
Al Green
3%
Buddy Landell
3%
Eddie Kingston
3%
Jeff Gaylord
3%
Joey Maggs
3%
Kenny Kaos
3%
Ranger Ross
3%
Rod Price
3%
George Takano
0%
Super Strong Machine
0%
No matching quizzes found
Score Distribution
Percent of People with Each Score
Percentile by Number Answered
Your Score History
You have not taken this quiz since the last reset